000 00605nam a2200193Ia 4500
005 20250508163249.0
008 008 250505s9999 xx 000 0 eng d
037 _aDissertations
040 _aFEDL
_beng
_cFEDL
041 _aeng
_2eng
084 _a640.7, RAC/DI
_qFEDL
100 _aRachna
245 0 _aStudy of the job satisfaction of home science teachers working in the secondary and senior secondary schools of Delhi
260 _c1982
300 _a85p.
546 _aM.Ed. Dissertation 1982 (Delhi University)
942 _cDIS
_h640.7, RAC/DI
999 _c1381877
_d1381877